| 000 | 00744nam a2200241Ia 4500 | ||
|---|---|---|---|
| 008 | 160319s9999 xx 000 0 und d | ||
| 020 | _a971-08-3026-0 | ||
| 050 | _aFIL PE 1065 | ||
| 050 | _b.R36 2007 c.1 | ||
| 100 | _aRamos, Carmen M. | ||
| 245 | _aDeveloping skill in grammar and composition 1 / | ||
| 245 | _cCarmen M. Ramos, Amelia C. Sanchez. | ||
| 260 | _aMandaluyong: | ||
| 260 | _bNational Book Store, | ||
| 260 | _c2007 | ||
| 300 | _a298 pages : | ||
| 300 | _billustrations ; | ||
| 300 | _c22 cm. | ||
| 440 | _aDeveloping language skills for college | ||
| 500 | _aIncludes bibliographical references and index. | ||
| 650 | _aEnglish language -- Grammar. | ||
| 650 | _xEnglish language -- Composition and exercises. | ||
| 999 |
_c291748 _d291748 |
||